A death in Delhi; (Record no. 14636)

000 -LEADER
fixed length control field 00435cam a2200157 4500
020 ## - INTERNATIONAL STANDARD BOOK NUMBER
ISBN 0520022203
040 ## - CATALOGING SOURCE
Transcribing agency DLC
082 ## - DEWEY DECIMAL CLASSIFICATION NUMBER
Classification number 368 UNI 1972 A069 Or.
100 1# - MAIN ENTRY--AUTHOR NAME
Personal name Roadarmel, Gordon C.,
245 12 - TITLE STATEMENT
Title A death in Delhi;
Remainder of title modern Hindi short stories /
260 ## - PUBLICATION, DISTRIBUTION, ETC. (IMPRINT)
Place of publication Berkeley,
Name of publisher University of California Press
Year of publication [1972]
300 ## - PHYSICAL DESCRIPTION
Number of Pages 211 p.
Dimensions 23 cm.
650 #0 - SUBJECT ADDED ENTRY--TOPICAL TERM
Topical Term Short stories, English.
650 #0 - SUBJECT ADDED ENTRY--TOPICAL TERM
Topical Term Short stories, Hindi
942 ## - ADDED ENTRY ELEMENTS (KOHA)
Koha item type សៀវភៅភាសាអង់គ្លេស
952 ## - LOCATION AND ITEM INFORMATION (KOHA)
Withdrawn status [LOCAL, KOHA] 0
Holdings
Permanent Location Date acquired Koha item type Lost status Shelving location Barcode Current Location Full call number
Library Block A2017-10-20សៀវភៅភាសាអង់គ្លេស A069A09203Library Block A368 UNI 1972 A069 Or.
មជ្ឈមណ្ឌលឯការនៃសាកលវិទ្យាល័យភូមិន្ទកសិកម្មចំការដូង

Powered by Koha